Pomarańczowa Alternatywa

Titel: Pomarańczowa Alternatywa : w bezdebitowej prasie studenckiej, we wspomnieniach i w drukach ulotnych lat osiemdziesia̢tych XX wieku / Agnieszka Jaworska
Verfasser:
Veröffentlicht: Toruń : Marszałek, 2012
Umfang: 192 S.
Format: Buch
Sprache: Polnisch
RVK-Notation:
Schlagworte:
ISBN: 8377804077 ; 9788377804070
Buchumschlag
X
Lokale Klassifikation: 32 13 Ga ; 32 7 O ; 32 15 B ; 32 7 M
alg: 31222556
001A    $03004:13-11-12 
001B    $01999:09-06-23 $t20:20:57.000 
001C    $03004:18-03-13 $t08:25:13.000 
001D    $03004:18-03-13 
001U    $0utf8 
001X    $00 
002@    $0Aau 
003@    $0312225563 
004A    $083-7780-407-7 
004A    $A978-83-7780-407-0 
006L    $0BV040425037 $2BVB 
007A    $0BV040425037 $aBVB 
007G    $0DE020413251CEA14464FEC1257B4A003D7C4E 
009P    $qapplication/pdf $A2 $3Klappentext $uhttp://scans.hebis.de/HEBCGI/show.pl?31222556_kla.pdf $mV:DE-604 
009P    $qapplication/pdf $A2 $3Inhaltsverzeichnis $uhttp://scans.hebis.de/HEBCGI/show.pl?31222556_toc.pdf $mV:DE-603;B:DE-Mb50 
010@    $apol 
011@    $a2012 $n2012 
021A    $aPomarańczowa Alternatywa $dw bezdebitowej prasie studenckiej, we wspomnieniach i w drukach ulotnych lat osiemdziesia̢tych XX wieku $hAgnieszka Jaworska 
028A    $7 $8Jaworska, Agnieszka [Tn3] $9319001784 
033A    $pToruń $nMarszałek 
034D    $a192 S. 
044K    $RNiederschlesien $#Breslau $#Wrocław $#Wrotizla $#Breßlau $#Breßlaw $#Vroclav $#Vratislav $#Vratislavia $#Vratislauiae $#Bresslau $#Wratislavia $#Brassel $#Bresla $#Wratislava $#Smirna $#Breslavia $#Wroclaw $74008216-7 $8Breslau [Tg1] $9085014184 
044K    $RStudentin $#College students $#Students $#Étudiants $#Studenti $#Estudiantes $#students $#Studierende $#Student $#Studierender $#Studenten $74058167-6 $8Student [Ts1] $9085161411 
045F    $a909 $eDDC23BSB 
045F/01 $a909 
045F/03 $f09048 
045F/03 $g438 
045G    $a900.94380904 $eDDC23BSB 
045G/01 $a900 
045G/03 $f0904 
045G/03 $g438 
045H    $a370.9438 $eDDC23BSB 
045H/01 $a370.9 
045H/03 $g438 
045Z    $8NU 3050 [Tkv] $9410941409 

lok: 31222556 24
101B    $018-03-13 $t08:29:28.000 
101C    $018-03-13 
101U    $0utf8 
145Z/01 $a32 13 Ga 
145Z/02 $a32 7 O 
145Z/03 $a32 15 B 
145Z/04 $a32 7 M 

exp: 31222556 24 1 #EPN
201B/01 $018-03-13 $t08:27:18.000 
201C/01 $013-11-12 
201U/01 $0utf8 
203@/01 $0656485035 
208@/01 $a18-03-13 $bz 
209A/01 $a13.01428 $du $f050 $h13 01428 $x00 
209C/01 $a13.01428 K $h13 01428 K 
209G/01 $a73182085 $x00 
220C/01 $anie 
247C/01 $8358050-7 Marburg, Bibliothek des Herder-Instituts Marburg $9102600961 

lok: 31222556 78

exp: 31222556 78 1 #EPN
201B/01 $020-02-20 $t17:19:39.000 
201C/01 $020-02-20 
201U/01 $0utf8 
203@/01 $01083313630 
208@/01 $a20-02-20 $be 
209A/01 $a/ $f000 $x00 
209A/01 $ab*p $x01 
220C/01 $aeja 
244Z/01 $#Generalgouvernement Polen $#Polska $#Rzeczpospolita Polska $#Polska Rzeczpospolita Ludowa $#Poland $#Pologne $#République Polonaise $#Generalne Gubernatorstwo w Polsce $#Polish People's Republic $#Polska Rzeczpospolita Polen $#PRL $#RP $#Polen Generalgouvernement $#Polska Generalgouvernement $#Besetzte Polnische Gebiete $#Besetztes Gebiet in Polen $#Okupowane Polskie Obszary $#Obszary Okupowane w Polsce $#Volksrepublik Polen $#Polska Rosyjska $#Republic Polen $#Respublika Pol'ša $#Pol'skaja Narodnaja Respublika $#République de Pologne $#Polen Links der Weichsel $#Polska po Lewej Stronie Wisły $#Lenkija $#Polija $#Gubernija Carstva Pol'skago $#Republik Polen $74046496-9 $8--Tg1--Polen $x01 $9085129801 
244Z/01 $#Schlesien $#Schlesien $#Herzogtum Schlesien $#Herzogtum Schlesien Schlesien $#Provinz Schlesien $#Śla̜sk $#Slezsko $#Silesia $74052678-1 $8--Tg1--Schlesien $x02 $9085146781 
247C/01 $82080>Marburg/Lahn, Herder-Institut, Forschungsbibliothek, Bibliographieportal $9336309341
LEADER 00000cam a2200000 c 4500
001 312225563
003 DE-603
005 20230609202057.0
007 tu
008 121113s2012 xx |||| | u00||u|pol c
020 |a 8377804077 
020 |a 9788377804070 
035 |a (DE-599)BVBBV040425037 
035 |a (DE-604)BV040425037 
040 |a DE-603  |b ger  |c DE-603  |d DE-603 
041 |a pol 
082 0 4 |8 1\u  |a 909  |q DE-101  |2 23/BSB 
083 0 |8 2\u  |a 900.94380904  |q DE-101  |2 23/BSB 
083 0 |8 3\u  |a 370.9438  |q DE-101  |2 23/BSB 
084 |a NU 3050  |0 (DE-625)131155:  |0 (DE-603)410941409  |2 rvk 
085 |8 1\u  |b 909 
085 |8 1\u  |z 1  |s 09048 
085 |8 1\u  |z 2  |s 438 
085 |8 2\u  |b 900 
085 |8 2\u  |z 1  |s 0904 
085 |8 2\u  |z 2  |s 438 
085 |8 3\u  |b 370.9 
085 |8 3\u  |z 2  |s 438 
100 1 |a Jaworska, Agnieszka  |0 (DE-603)319001784 
245 0 0 |a Pomarańczowa Alternatywa  |b w bezdebitowej prasie studenckiej, we wspomnieniach i w drukach ulotnych lat osiemdziesia̢tych XX wieku  |c Agnieszka Jaworska 
264 1 |a Toruń  |b Marszałek  |c 2012 
300 |a 192 S. 
650 7 |a Student  |0 (DE-588)4058167-6  |0 (DE-603)085161411  |2 gnd 
651 7 |a Breslau  |0 (DE-588)4008216-7  |0 (DE-603)085014184  |2 gnd 
856 4 2 |m V:DE-604  |q application/pdf  |u http://scans.hebis.de/HEBCGI/show.pl?31222556_kla.pdf  |3 Klappentext 
856 4 2 |m V:DE-603;B:DE-Mb50  |q application/pdf  |u http://scans.hebis.de/HEBCGI/show.pl?31222556_toc.pdf  |3 Inhaltsverzeichnis 
924 0 |9 Mb 50  |a (DE-603)656485035  |b DE-Mb50  |c HES  |d c  |g 13.01428 
924 0 |9 2080  |a (DE-603)1083313630  |b DE-2080  |c HES  |d d  |g /